00541nam a2200169Ia 4500008004100000020001500041041000800056082001600064100002000080245004800100250000600148260004000154300001000194650002300204999001900227952012500246210716s2000 xx 000 0 und d a8173713529 aeng a374.22 FOND aFontana, David. aProblems in practice social skills at work. a1 aHyderabadbUniversities Pressc2000 axi,89 aGeneral Management c205385d205385 001040708MBAaAIMITbAIMITd2010-09-03g150.00l0o374.22 FONDpMBA07951r2026-05-23 00:00:00v112.50w2021-07-16yBK